Političeskaja transformacija v stranach postsovetskogo prostranstva
Dva prístupy vo výskume politickej transformácie krajín postsovietskeho priestoru. Inštitucionálne alebo procedurálne aspekty výskumu. Širší, maximalistický prístup, ktorý berie do úvahy demokratizáciu a úroveň demokratickej konsolidácie krajín bývalého ZSSR.
Saved in:
| Main Author: | |
|---|---|
| Format: | Book Chapter |
| Language: | Russian |
| Subjects: | |
| Tags: |
No Tags, Be the first to tag this record!
|
MARC
| LEADER | 00000nla a2200000 4500 | ||
|---|---|---|---|
| 001 | 0230172 | ||
| 005 | 20240502083619.3 | ||
| 041 | 0 | |a rus | |
| 044 | |a PL | ||
| 245 | 1 | 0 | |a Političeskaja transformacija v stranach postsovetskogo prostranstva |c Taťjana Zubro |
| 520 | |a Dva prístupy vo výskume politickej transformácie krajín postsovietskeho priestoru. Inštitucionálne alebo procedurálne aspekty výskumu. Širší, maximalistický prístup, ktorý berie do úvahy demokratizáciu a úroveň demokratickej konsolidácie krajín bývalého ZSSR. | ||
| 610 | 2 | 0 | |a transformácia |
| 610 | 2 | 0 | |a demokratizácia |
| 610 | 2 | 0 | |a rozvoj hospodársky |
| 610 | 2 | 0 | |a rozvoj sociálny |
| 610 | 2 | 0 | |a ZSSR |
| 100 | 1 | |a Zubro, Tetyana, 1975- | |